[Event "SVK-chT5 A22 2223"]
[Site "Slovakia"]
[Date "2022.12.03"]
[Round "3.5"]
[White "Kincik, Martin"]
[Black "Karaba, Vladimir"]
[Result "0-1"]
[WhiteElo "1000"]
[BlackElo "1131"]
[PlyCount "118"]
[EventDate "2022.10.15"]
[EventType "team-tourn"]
[EventRounds "9"]
[EventCountry "SVK"]
[SourceTitle "EXT 2024"]
[Source "ChessBase"]
[SourceDate "2023.10.10"]
[SourceVersion "1"]
[SourceVersionDate "2023.10.10"]
[SourceQuality "1"]
[WhiteTeam "Hlohovec III"]
[BlackTeam "Pecenady"]
[WhiteTeamCountry "SVK"]
[BlackTeamCountry "SVK"]

1. e4 e5 2. Nf3 Nc6 3. Bc4 h6 4. Nc3 Nf6 5. d3 Bb4 6. 0-0 Bxc3 7. bxc3 d6 8. h3 0-0 9. Be3 Na5 10. Bb3 Qe7 11. d4 exd4 12. Bxd4 Nc6 13. Bxf6 Qxf6 14. Bd5 Qxc3 15. Qd3 Qc5 16. Bxc6 Qxc6 17. Rfd1 Be6 18. Nd4 Qc4 19. Qxc4 Bxc4 20. Re1 c5 21. Nf5 Rad8 22. e5 d5 23. Rab1 b6 24. e6 fxe6 25. Ne7+ Kh7 26. Rxe6 d4 27. Re5 Rd6 28. g4 Bxa2 29. Ra1 Rdf6 30. Rxa2 Rxf2 31. Rf5 R2xf5 32. Nxf5 Re8 33. Rxa7 Re2 34. Rxg7+ Kh8 35. Rb7 Rxc2 36. Rxb6 d3 37. Rxh6+ Kg8 38. Rd6 d2 39. Ne3 Ra2 40. Nc4 Ra1+ 41. Kf2 d1Q 42. Rxd1 Rxd1 43. h4 Rc1 44. Na5 c4 45. g5 Kg7 46. h5 c3 47. Ke2 Rh1 48. h6+ Kh7 49. g6+ Kxh6 50. Kd3 Rh3+ 51. Kc2 Kg7 52. Kc1 Kf6 53. Nc4 Kxg6 54. Ne5+ Kf5 55. Nc4 Ke4 56. Na3 Kd4 57. Nc2+ Kc4 58. Na3+ Kd3 59. Nc2 Rh1+ 0-1